MUSEOS DE PINTURA EN MADRID : ESTUDIO HISTORICO Y CRITICO 238 ILUSTRACIONES

Salvato in:
Dettagli Bibliografici
Autore principale: Pantorba, Bernardino (autor)
Natura: Libro
Tags: Aggiungi Tag
Nessun Tag, puoi essere il primo ad aggiungerne!!

MARC

LEADER 00000nam^a2200000^a^4500
001 000210104
005 20250521000000.0
009 20260310103342.744
035 |a 022955 
037 |a Acervo Xavier Clavigero 
082 |a 750.  |b PAN 
100 |a Pantorba, Bernardino  |e (autor) 
245 1 0 |a MUSEOS DE PINTURA EN MADRID :  |b ESTUDIO HISTORICO Y CRITICO 238 ILUSTRACIONES 
264 |a MADRID :  |b MAYFE, S.L.,  |c 1950 
336 |a texto  |b txt  |2 rdacontenido 
337 |a sin mediación  |b n  |2 rdamedio 
338 |a volumen  |b nc  |2 rdasoporte 
649 |a XX 
910 |a Fondo General 
920 |a Impresos - Libros 
930 |a Colección General 
905 |a 101 
901 |a 022955  |b IT1  |c ACC  |i 022955  |u 20250521 
902 |a https://opac.biblio.iteso.mx/vufind/Record/000210104